000 00894nam a2200277 a 4500
999 _c1693
_d1693
001 015645899
003 UkOxU
005 20210629105505.0
008 020504s2003 maua 001 0 eng d
015 _aGB A2-X3355
020 _a0618214763
035 _aBNB2691.1294
040 _aBDS
_cALUPE UNIVERSITY
050 _aLC3981
_b .K53 2003
082 0 _a371.9
_221
100 1 _aKirk, Samuel A.
_q(Samuel Alexander),
_d1904-1996.
245 1 0 _aEducating exceptional children /
_cSamuel A.Kirk, James J. Gallagher, Nicholas J. Anastasiow.
250 _a10th ed.
260 _aBoston, Mass. :
_bHoughton Mifflin,
_cc2003.
300 _axxvi, 594 p. :
_bill. (some col.) ;
_c26 cm.
504 _aIncludes bibliographical references: (p. 540-567) and index.
650 0 _aSpecial education.
650 0 _aExceptional children.
942 _2lcc
_cBK
_nMM